Normal view
MARC view
Entry Personal Name
001 - CONTROL NUMBER
- control field: 48086
003 - CONTROL NUMBER IDENTIFIER
- control field: ARRUPE
005 - DATE AND TIME OF LATEST TRANSACTION
- control field: 20190906092257.0
008 - FIXED-LENGTH DATA ELEMENTS
- fixed length control field: 190906|| aca||aabn | a|a d
040 ## - CATALOGING SOURCE
- Original cataloging agency: ARRUPE
- Transcribing agency: ARRUPE
100 ## - HEADING--PERSONAL NAME
- Personal name: Ericksen, Stanford C.
- Fuller form of name: (Stanford Clark),
- Dates associated with a name: 1911-
670 ## - SOURCE DATA FOUND
- Source citation: Work cat.: (ARRUPE)0: Ericksen, Stanford C. (Stanford Clark), 1911-, The essence of good teaching /, c1984.